[Event "GER-chT U10"]
[Site "Magdeburg"]
[Date "2012.12.29"]
[Round "6.3"]
[White "Zyla, Lennert"]
[Black "Westphal, Simon"]
[Result "1-0"]
[WhiteElo "1260"]
[BlackElo "1102"]
[PlyCount "63"]
[EventDate "2012.12.27"]
[EventType "team-swiss"]
[EventRounds "7"]
[EventCountry "GER"]
[SourceTitle "EXT 2014"]
[Source "ChessBase"]
[SourceDate "2013.11.20"]
[SourceVersion "1"]
[SourceVersionDate "2013.11.20"]
[SourceQuality "1"]
[WhiteTeam "Porz SG"]
[BlackTeam "Leipzig BSG"]
[WhiteTeamCountry "GER"]
[BlackTeamCountry "GER"]

1. e4 e5 2. Nf3 Nc6 3. Bb5 a6 4. Bxc6 dxc6 5. 0-0 Bd6 6. d4 exd4 7. Qxd4 Bxh2+ 8. Kxh2 Qxd4 9. Nxd4 Ne7 10. Bg5 Ng6 11. f4 0-0 12. f5 Ne5 13. Nd2 c5 14. N4f3 f6 15. Bf4 Nxf3+ 16. Nxf3 c6 17. Bd6 Re8 18. Rae1 c4 19. Nh4 b6 20. e5 Bb7 21. e6 g5 22. fxg6 hxg6 23. Rxf6 g5 24. Rg6+ Kh7 25. Rxg5 Kh6 26. Rge5 c5 27. e7 Bc6 28. Bc7 Rac8 29. Bd8 Kg7 30. Nf5+ Kf6 31. Nd6 Rxe7 32. Bxe7+ 1-0

[Event "GER-chT U10"]
[Site "Magdeburg"]
[Date "2012.12.28"]
[Round "3.3"]
[White "Fricke, Justus Roderic"]
[Black "Westphal, Simon"]
[Result "0-1"]
[WhiteElo "788"]
[BlackElo "1102"]
[PlyCount "106"]
[EventDate "2012.12.27"]
[EventType "team-swiss"]
[EventRounds "7"]
[EventCountry "GER"]
[SourceTitle "EXT 2014"]
[Source "ChessBase"]
[SourceDate "2013.11.20"]
[SourceVersion "1"]
[SourceVersionDate "2013.11.20"]
[SourceQuality "1"]
[WhiteTeam "Lehrte"]
[BlackTeam "Leipzig BSG"]
[WhiteTeamCountry "GER"]
[BlackTeamCountry "GER"]

1. e4 e5 2. Nf3 Nc6 3. Nc3 Bc5 4. Bc4 Nf6 5. d3 d6 6. 0-0 Bg4 7. Bg5 h6 8. Bxf6 Qxf6 9. Nd5 Qd8 10. a3 Nd4 11. Nc3 Qf6 12. Nd5 Nxf3+ 13. gxf3 Qxf3 14. Qxf3 Bxf3 15. Nxc7+ Ke7 16. Nxa8 Rxa8 17. b4 Bd4 18. Rac1 Bb2 19. Rb1 Bxa3 20. b5 Kf8 21. b6 a6 22. Rb3 Bc5 23. d4 Bxd4 24. Rxf3 f6 25. Bd5 Bxb6 26. Bxb7 Ra7 27. Bd5 a5 28. Rb3 Bc5 29. Rb8+ Ke7 30. Rb7+ Rxb7 31. Bxb7 a4 32. Bd5 a3 33. Rb1 g5 34. Rb7+ Kf8 35. Rf7+ Ke8 36. Rxf6 Kd8 37. Rxh6 Kc7 38. Rh7+ Kb6 39. Rb7+ Ka5 40. c4 Ka6 41. Rb8 Ka7 42. Ra8+ Kb6 43. Rb8+ Ka7 44. Rb5 Ka6 45. Bb7+ Ka7 46. Bc6 Ka6 47. Bb7+ Ka7 48. Bd5 Ka6 49. Rb8 Ka7 50. Ra8+ Kb6 51. Rb8+ Ka7 52. Rb7+ Ka6 53. Rc7 Ka5 0-1

[Event "GER-chT U10"]
[Site "Magdeburg"]
[Date "2012.12.27"]
[Round "2.3"]
[White "Westphal, Simon"]
[Black "Schmidt, Friedrich"]
[Result "1/2-1/2"]
[WhiteElo "1102"]
[BlackElo "864"]
[PlyCount "112"]
[EventDate "2012.12.27"]
[EventType "team-swiss"]
[EventRounds "7"]
[EventCountry "GER"]
[SourceTitle "EXT 2014"]
[Source "ChessBase"]
[SourceDate "2013.11.20"]
[SourceVersion "1"]
[SourceVersionDate "2013.11.20"]
[SourceQuality "1"]
[WhiteTeam "Leipzig BSG"]
[BlackTeam "Magdeburg USC"]
[WhiteTeamCountry "GER"]
[BlackTeamCountry "GER"]

1. e4 e5 2. Nf3 Nc6 3. Bc4 Nf6 4. Nc3 Bc5 5. d3 h6 6. Nd5 Nxd5 7. Bxd5 d6 8. c3 Bg4 9. h3 Bh5 10. Qe2 0-0 11. Be3 Bxe3 12. Qxe3 Bxf3 13. Qxf3 Qe7 14. Qe3 Qf6 15. 0-0 Ne7 16. Bxb7 Rab8 17. Qxa7 Ng6 18. Bd5 Nf4 19. Qe3 Rxb2 20. Bb3 Qg6 21. g4 Qg5 22. Rab1 Re2 23. Qf3 Qh4 24. Kh2 Nxh3 25. Qxh3 Qg5 26. Rbd1 Qf4+ 27. Qg3 Qg5 28. Rde1 Rxe1 29. Rxe1 Qd2 30. Qe3 Qxc3 31. Rc1 Qb4 32. Rxc7 Qa5 33. Rc1 Qd8 34. Rg1 Qh4+ 35. Qh3 Qxf2+ 36. Qg2 Qh4+ 37. Qh3 Qf2+ 38. Rg2 Qf4+ 39. Qg3 Qg5 40. a4 Rb8 41. Bc4 Qc1 42. a5 Qa3 43. a6 Qa5 44. Ra2 Qb6 45. a7 Ra8 46. Qg1 Qc7 47. Bd5 Rc8 48. a8Q Rxa8 49. Rxa8+ Kh7 50. Qg2 Qe7 51. Kg1 Qg5 52. Rc8 Qf4 53. Kh1 Qg5 54. Bxf7 Qh4+ 55. Kg1 Qe1+ 56. Kh2 Qh4+ 1/2-1/2

[Event "Sachsen-ch U08"]
[Site "Sebnitz"]
[Date "2011.04.27"]
[Round "2"]
[White "Muecka, Cedric"]
[Black "Westphal, Simon"]
[Result "1-0"]
[WhiteElo "1126"]
[BlackElo "817"]
[PlyCount "55"]
[EventDate "2011.04.26"]
[EventType "swiss"]
[EventRounds "7"]
[EventCountry "GER"]
[SourceTitle "EXT 2012"]
[Source "ChessBase"]
[SourceDate "2011.11.24"]
[SourceVersion "1"]
[SourceVersionDate "2011.11.24"]
[SourceQuality "1"]

1. e4 e5 2. Nf3 Nc6 3. d4 exd4 4. Nxd4 Nxd4 5. Qxd4 b6 6. Nc3 Nf6 7. Bg5 Bc5 8. Qd2 h6 9. Bh4 d6 10. Nd5 g5 11. Bg3 Nxe4 12. Qe2 Bf5 13. f3 Be6 14. fxe4 0-0 15. 0-0-0 Qd7 16. Nf6+ Kg7 17. Nxd7 Bxd7 18. a3 a5 19. Qe1 b5 20. Qc3+ Kg8 21. h4 gxh4 22. Rxh4 b4 23. Qf6 bxa3 24. Rxh6 Be3+ 25. Kb1 Bxh6 26. Qxh6 axb2 27. Bc4 Rfe8 28. Rh1 1-0